Adm. Rev. P. F. Lucii Ferraris prompta biblioteca canonica, jurídica, moralis, theologica nec non ascética, polémica, rubricistica, histórica... (Record no. 8690)

MARC details
000 -CABECERA
campo de control de longitud fija 00914nam a2200229 a 4500
001 - NÚMERO DE CONTROL
campo de control BRCA_9040
005 - FECHA Y HORA DE LA ÚLTIMA TRANSACCIÓN
campo de control 20190320210513.0
008 - DATOS DE LONGITUD FIJA--INFORMACIÓN GENERAL
campo de control de longitud fija 160817s1772----it-#######---#000-0#lat-#
041 ## - CÓDIGO DE LENGUA
Código de lengua del texto/banda sonora o título independiente lat
044 ## - CÓDIGO DEL PAÍS DE LA ENTIDAD EDITORA/PRODUCTORA
Código MARC del país it
084 ## - OTRO NÚMERO DE CLASIFICACIÓN
Número de clasificación CO28
Número de documento/Ítem .F47 1772
100 1# - ENTRADA PRINCIPAL--NOMBRE DE PERSONA
Nombre de persona Ferraris, Lucius
Fechas asociadas al nombre 1763
9 (RLIN) 22407
245 10 - MENCIÓN DE TÍTULO
Título Adm. Rev. P. F. Lucii Ferraris prompta biblioteca canonica, jurídica, moralis, theologica nec non ascética, polémica, rubricistica, histórica...
Resto del título tomus quintus : m - o.
260 ## - PUBLICACIÓN, DISTRIBUCIÓN, ETC.
Lugar de publicación, distribución, etc. Venetiis
Nombre del editor, distribuidor, etc. Apud Gasparem Storti
Fecha de publicación, distribución, etc. 1772
300 ## - DESCRIPCIÓN FÍSICA
Extensión IV, 592 p. (t.5)
Dimensiones 24.5 x 19.6 cm
500 ## - NOTA GENERAL
Nota general Superiorum permissu, ac Privilegio
500 ## - NOTA GENERAL
Nota general Estado físico: presentan encuadernación en pergamino con cintas rotas, algunas hojas manchadas y lomo semi desprendido
505 0# - NOTA DE CONTENIDO CON FORMATO
Nota de contenido con formato Tomus quintus M - O
650 14 - PUNTO DE ACCESO ADICIONAL DE MATERIA--TÉRMINO DE MATERIA
Término de materia o nombre geográfico como elemento de entrada Iglesia católica
Subdivisión de forma diccionario
Subdivisión cronológica Obras anteriores a 1800
9 (RLIN) 22408
902 ## - CATALOGADOR
Iniciales CFM
942 ## - ELEMENTOS DE PUNTO DE ACCESO ADICIONAL (KOHA)
Fuente del sistema de clasificación o colocación Library of Congress Classification
Tipo de ítem Koha Libros
Holdings
Estado de retiro Estado de pérdida Estado dañado No para préstamo Localización permanente Ubicación/localización actual Fecha de adquisición Total de préstamos Signatura topográfica completa Código de barras Fecha visto por última vez Precio válido a partir de Tipo de ítem Koha
El ejemplar forma parte de la colección y puede ser consultado según las políticas vigentes.       Biblioteca del Museo Franz Mayer (Rogerio Casas-Alatriste) Biblioteca del Museo Franz Mayer (Rogerio Casas-Alatriste) 16/08/2017   CO28 .F47 1772 CFM00362 22/03/2019 22/03/2019 Libros